Actors who worked with Martin Scorsese - Statistics

General Stats
  • This quiz has been taken 392 times
  • The average score is 27 of 113
Answer Stats
Films Answer % Correct
The Wolf of Wall Street, Shutter Island, The Departed, Gangs of New York, The Aviator, Killers of the Flower Moon Leonardo DiCaprio
99%
Taxi Driver, Goodfellas, The Irishman, Raging Bull, Casino, The King of Comedy, Cape Fear, Mean Streets, Killers of the Flower Moon, New York, New York Robert De Niro
97%
Goodfellas, The Irishman, Raging Bull, Casino Joe Pesci
88%
Gangs of New York, The Age of Innocence Daniel Day-Lewis
80%
The Irishman Al Pacino
74%
The Departed Matt Damon
73%
The Wolf of Wall Street Jonah Hill
68%
The Wolf of Wall Street Margot Robbie
64%
The Departed Jack Nicholson
62%
Goodfellas Ray Liotta
61%
Taxi Driver, Alice Doesn't Live Here Anymore Jodie Foster
59%
The Departed Mark Wahlberg
56%
Taxi Driver, The Irishman, Mean Streets, The Last Temptation of Christ, Alice Doesn't Live Here Anymore Harvey Keitel
55%
Shutter Island Mark Ruffalo
53%
The Aviator Cate Blanchett
52%
The Last Temptation of Christ, The Aviator Willem Dafoe
51%
Shutter Island, Hugo Ben Kingsley
50%
Gangs of New York Cameron Diaz
50%
Casino Sharon Stone
48%
The King of Comedy Jerry Lewis
47%
Cape Fear Juliette Lewis
47%
Silence, Gangs of New York Liam Neeson
47%
The Color of Money Tom Cruise
47%
The Color of Money Paul Newman
45%
The Departed Martin Sheen
38%
Silence Andrew Garfield
37%
The Wolf of Wall Street Matthew McConaughey
35%
The Departed, The Aviator Alec Baldwin
34%
Bringing Out the Dead Nicolas Cage
34%
Silence Adam Driver
30%
Killers of the Flower Moon Lily Gladstone
30%
Shutter Island Michelle Williams
30%
Cape Fear Nick Nolte
30%
The Irishman, Killers of the Flower Moon Jesse Plemons
29%
The Age of Innocence Winona Ryder
29%
The Age of Innocence Michelle Pfeiffer
26%
Gangs of New York, The Aviator John C. Reilly
25%
Hugo Asa Butterfield
24%
Alice Doesn't Live Here Anymore Ellen Burstyn
24%
Hugo, The Aviator Jude Law
24%
Hugo Sacha Baron Cohen
24%
Goodfellas Lorraine Bracco
22%
Hugo Chloe Grace Moretz
21%
Goodfellas Paul Sorvino
21%
The Wolf of Wall Street Rob Reiner
20%
The Departed Vera Farmiga
20%
Gangs of New York Brendan Gleeson
19%
New York, New York Liza Minnelli
19%
The Wolf of Wall Street Jon Bernthal
18%
The Departed, Hugo Ray Winstone
18%
Killers of the Flower Moon Brendan Fraser
16%
Bringing Out the Dead Patricia Arquette
16%
After Hours Rosanna Arquette
16%
Cape Fear Jessica Lange
15%
The Aviator Kate Beckinsale
15%
The Irishman Ray Romano
15%
Hugo Christopher Lee
14%
Taxi Driver Cybill Shepherd
14%
Casino Don Rickles
14%
Cape Fear Gregory Peck
14%
The Aviator Alan Alda
13%
The Irishman Anna Paquin
13%
Raging Bull, Goodfellas, Casino Frank Vincent
13%
The Wolf of Wall Street Kyle Chandler
13%
After Hours Griffin Dunne
12%
The Wolf of Wall Street Jean Dujardin
12%
The Irishman, Gangs of New York Stephen Graham
12%
Taxi Driver Albert Brooks
11%
Bringing Out the Dead John Goodman
11%
Cape Fear Robert Mitchum
11%
Raging Bull Cathy Moriarty
10%
The Wolf of Wall Street Cristin Milioti
9%
The Aviator Gwen Stefani
9%
Gangs of New York Jim Broadbent
9%
Alice Doesn't Live Here Anymore Kris Kristofferson
9%
Taxi Driver Leonard Harris
9%
Shutter Island Max von Sydow
9%
Bringing Out the Dead Ving Rhames
9%
Shutter Island, Hugo Emily Mortimer
8%
The Wolf of Wall Street Jon Favreau
8%
Taxi Driver Peter Boyle
8%
The Irishman Bobby Cannavale
7%
Hugo Helen McCrory
7%
Gangs of New York Henry Thomas
7%
Killers of the Flower Moon John Lithgow
7%
The Color of Money John Turturro
7%
The King of Comedy Sandra Bernhard
7%
The Color of Money Mary Elizabeth Mastrantonio
6%
The Age of Innocence Richard E. Grant
6%
Hugo Richard Griffiths
6%
The Aviator Adam Scott
5%
Mean Streets Amy Robinson
5%
Hugo Michael Stuhlbarg
5%
Shutter Island Patricia Clarkson
5%
Silence Ciarán Hinds
4%
The Aviator Danny Huston
4%
The King of Comedy, Taxi Driver Diahnne Abbott
4%
Hugo Frances de la Tour
4%
The Aviator Ian Holm
4%
Killers of the Flower Moon Tantoo Cardinal
4%
Bringing Out the Dead Tom Sizemore
4%
Bringing Out the Dead Cliff Curtis
3%
Mean Streets David Proval
3%
Goodfellas Frank Sivero
3%
Shutter Island John Carroll Lynch
3%
Bringing Out the Dead Marc Anthony
3%
The Age of Innocence Geraldine Chaplin
2%
The Age of Innocence Jonathan Pryce
2%
Goodfellas Mike Starr
2%
The Wolf of Wall Street Shea Whigham
2%
Goodfellas Tony Darrow
2%
Alice Doesn't Live Here Anymore Alfred Lutter
1%
The Color of Money Helen Shaver
1%
No matching quizzes found
Score Distribution
Percent of People with Each Score
Percentile by Number Answered
Your Score History
You have not taken this quiz